• 首页
  • 本馆介绍
  • 公告通知
  • 最新文献
  • 馆藏检索
  • 电子资源
  • 读者导购
  • 参考咨询
  • 我的图书馆
  • 登录
  • 详细信息显示
  • 放入我的书架
  • 预约/预借图书
  • 作者相关作品
  • 分类相关作品
  • 丛书相关作品
  • 出版社相关作品

书目信息

  • 表格格式
  • 工作单格式
  • 卡片格式
题名:
国家教师资格考试应试教程综合素质一本通
    
 
作者: ;师道教师资格考试教研中心 组编
分册:   幼儿园
出版信息: 北京   中国人民大学出版社  2016
页数: 291页
开本: 26cm
丛书名:
单 册:
中图分类: G451.1 , G615
科图分类:
主题词: 教师--资格考试--自学参考资料 , 幼教人员--资格考试--自学参考资料
电子资源:
ISBN: 978-7-300-21847-2
000 00978nam0 2200253 450
001 5887
005 20180529231422.22
010    @a978-7-300-21847-2@dCNY42.00
100    @a20170215d2016 em y0chiy50 ea
101 0  @achi
102    @aCN@b110000
105    @ay z 000yy
200 1  @a国家教师资格考试应试教程综合素质一本通@9guo jia jiao shi zi ge kao shi ying shi jiao cheng zong he su zhi yi ben tong@i幼儿园@f师道教师资格考试教研中心组编
210    @a北京@c中国人民大学出版社@d2016
215    @a291页@d26cm
300    @a针对国家教师资格考试的微课书
330    @a本书针对国家幼儿园教师资格考试,分为职业理念、教育法律法规、教师职业道德规范、文化素养、基本能力五个模块。
606 0  @a教师@x资格考试@j自学参考资料
606 0  @a幼教人员@x资格考试@j自学参考资料
690    @aG451.1@v5
690    @aG615@v5
711 02 @a师道教师资格考试教研中心@9shi dao jiao shi zi ge kao shi jiao yan zhong xin@4组编
801  0 @aCN@b91MARC@c20170215
905    @aMuseLib@dG451.1@e264
    
    国家教师资格考试应试教程综合素质一本通.幼儿园/师道教师资格考试教研中心组编.-北京:中国人民大学出版社,2016
    291页;26cm
    针对国家教师资格考试的微课书
    
    ISBN 978-7-300-21847-2:CNY42.00
    本书针对国家幼儿园教师资格考试,分为职业理念、教育法律法规、教师职业道德规范、文化素养、基本能力五个模块。
●
相关链接 在E读中查询图书 在五车中查询图书 在当当中查询图书 在豆瓣中查询图书


正题名:国家教师资格考试应试教程综合素质一本通     索取号:G451.1/264         预约/预借

序号 登录号 条形码 馆藏地/架位号 状态 备注
1 1115420   211154203   第一样本阅览室/ [索取号:G451.1/264] 在馆    
2 1115421   211154212   教育系资料室/ [索取号:G451.1/264] 在馆    
唐山师范学院图书馆 欢迎您!
大连网信软件有限公司© 版权所有